000 01151cam a2200313 a 4500
001 12110367
003 mut
005 20240606081240.0
008 000718s2001 nyu d 000 0 eng
010 _a 00059097
020 _a067941780X
040 _aDLC
_cDLC
_dDLC
050 0 0 _aPE 1591
_b.R33 1984
082 0 0 _a423/.1
_221
245 0 0 _aRandom House college thesaurus /
260 _aNew York :
_bRandom House,
_c1984
300 _aviii, 820 p. ;
_c25 cm.
650 0 _aEnglish language
_xSynonyms and antonyms.
700 1 _aStein, Jess M.
700 1 _aFlexner, Stuart Berg.
700 1 _aPearsons, Enid.
700 1 _aBraham, Carol G.
710 2 _aRandom House (Firm)
730 0 _aRandom House Webster's college thesaurus.
856 4 2 _3Publisher description
_uhttp://www.loc.gov/catdir/description/random0413/00059097.html
906 _a7
_bcbc
_corignew
_d1
_eocip
_f20
_gy-gencatlg
942 _2lcc
_cREF
999 _c13024
_d13024